[Event "WLS-ch Major"]
[Site "Cardiff"]
[Date "2005.03.28"]
[Round "7"]
[White "Wood, AJ."]
[Black "Fathallah, Joe"]
[Result "1/2-1/2"]
[WhiteElo "1745"]
[BlackElo "1690"]
[PlyCount "110"]
[EventDate "2005.03.25"]
[EventType "swiss"]
[EventRounds "7"]
[EventCountry "WLS"]
[SourceTitle "EXT 2006"]
[Source "ChessBase"]
[SourceDate "2005.11.24"]
[SourceVersion "1"]
[SourceVersionDate "2005.11.24"]
[SourceQuality "1"]

1. d4 d5 2. Nf3 g6 3. Bf4 Bg7 4. Qd2 Nd7 5. Nc3 c6 6. e3 Ngf6 7. Be2 Nh5 8. Bg5 0-0 9. e4 dxe4 10. Nxe4 Nhf6 11. Nxf6+ Nxf6 12. Bh6 Bg4 13. Bxg7 Kxg7 14. 0-0-0 Qb6 15. Ne5 Bxe2 16. Qxe2 Rfd8 17. c3 Rac8 18. Nd3 e6 19. g4 Nd5 20. h4 Qc7 21. g5 Nf4 22. Qe3 Nxd3+ 23. Rxd3 c5 24. h5 Kf8 25. hxg6 hxg6 26. Qf3 Ke7 27. Qf6+ Kd6 28. dxc5+ Kxc5 29. Rhd1 Rxd3 30. Rxd3 b5 31. Qd4+ Kc6 32. a4 a6 33. Qe4+ Kb6 34. Qe3+ Kb7 35. Qd2 Qc6 36. Rd6 Qh1+ 37. Kc2 Qe4+ 38. Qd3 Qxa4+ 39. Kb1 Qf4 40. Qd4 Qxd4 41. Rxd4 Kc6 42. Kc2 e5 43. Rd1 Rh8 44. Ra1 Ra8 45. Kd3 Kd5 46. Ke3 Ke6 47. f4 f5 48. gxf6 exf4+ 49. Kxf4 Kxf6 50. Kg4 a5 51. Rf1+ Kg7 52. Kg5 Ra6 53. Rd1 b4 54. Rd7+ Kf8 55. cxb4 axb4 1/2-1/2

[Event "WLS-ch Major"]
[Site "Cardiff"]
[Date "2004.04.11"]
[Round "5"]
[White "Wood, AJ."]
[Black "Hughes, Beryl"]
[Result "1/2-1/2"]
[WhiteElo "1783"]
[BlackElo "1601"]
[PlyCount "96"]
[EventDate "2004.04.09"]
[EventType "swiss"]
[EventRounds "7"]
[EventCountry "WLS"]
[SourceTitle "EXT 2006"]
[Source "ChessBase"]
[SourceDate "2005.11.24"]
[SourceVersion "1"]
[SourceVersionDate "2005.11.24"]
[SourceQuality "1"]

1. d4 d5 2. Nf3 Nf6 3. e3 Bf5 4. c4 c6 5. Nc3 g6 6. Qb3 b6 7. cxd5 cxd5 8. Bb5+ Nbd7 9. Nxd5 Bg7 10. Nxf6+ Bxf6 11. 0-0 0-0 12. Re1 a6 13. Bf1 Be6 14. Qd3 b5 15. e4 Qb6 16. Be3 Qb7 17. d5 Bg4 18. Bd4 Bxf3 19. Bxf6 Bxe4 20. Qxe4 Nxf6 21. Qxe7 Qxe7 22. Rxe7 Nxd5 23. Rd7 Nf6 24. Rd6 Kg7 25. Rc1 b4 26. Rxa6 Rad8 27. Rb6 Rd4 28. f3 Rfd8 29. Rb7 Nh5 30. Rcc7 Rf4 31. Re7 Rd2 32. Re2 Rd1 33. Re4 Rxe4 34. fxe4 Ra1 35. Rxb4 Rxa2 36. Kf2 Nf6 37. Kf3 Nd7 38. Bc4 Ne5+ 39. Kg3 Nxc4 40. Rxc4 Rxb2 41. Rc3 Kf6 42. h4 h6 43. Kf3 g5 44. hxg5+ hxg5 45. g3 Ke5 46. Rc5+ Kf6 47. Kg4 Rb4 48. Rf5+ Ke6 1/2-1/2

[Event "WLS-ch Major"]
[Site "Cardiff"]
[Date "2004.04.10"]
[Round "3"]
[White "Wood, AJ."]
[Black "Williams, Samuel G"]
[Result "1-0"]
[WhiteElo "1783"]
[BlackElo "1741"]
[PlyCount "34"]
[EventDate "2004.04.09"]
[EventType "swiss"]
[EventRounds "7"]
[EventCountry "WLS"]
[SourceTitle "EXT 2006"]
[Source "ChessBase"]
[SourceDate "2005.11.24"]
[SourceVersion "1"]
[SourceVersionDate "2005.11.24"]
[SourceQuality "1"]

1. d4 d6 2. e4 Nf6 3. Nc3 g6 4. Be3 c6 5. Qd2 b5 6. Bd3 Nbd7 7. Nce2 Nb6 8. b3 Bb7 9. Ng3 a5 10. f3 Qc7 11. N1e2 Bg7 12. Bh6 0-0 13. h4 b4 14. h5 c5 15. Bxg7 Kxg7 16. hxg6 Nxe4 17. Qh6+ Kf6 1-0